Countries Starting with "M" by a Single Clue - Statistics

General Stats
  • This quiz has been taken 208 times
  • The average score is 13 of 18
Answer Stats
Hint Answer % Correct
Smallest island nation in Europe Malta
95%
The Aztec Empire was here Mexico
94%
Home to Lemurs Madagascar
92%
Had a conflict with Greece over its name Macedonia
90%
Famous for casinos and car racing Monaco
85%
Technically borders Spain Morocco
83%
Timbuktu is located here Mali
78%
Least densely populated in the world Mongolia
78%
Means "Black Mountain" Montenegro
66%
Former S.S.R Moldova
64%
Formerly had Dodo Birds Mauritius
63%
Home to Bikini Atoll, a former Nuclear Test Site Marshall Islands
61%
At most risk due to Global Warming Maldives
60%
Former Portuguese Colony Mozambique
59%
Split into a mainland, and an equally large island part Malaysia
58%
Has a lake named after it, sometimes called Nyasa Malawi
52%
Home to the mouth of the Irrawaddy River Myanmar
51%
Changed its flag recently to include two red stripes Mauritania
39%
No matching quizzes found
Score Distribution
Percent of People with Each Score
Percentile by Number Answered
Your Score History
You have not taken this quiz